|
|
|
|
| LEADER |
00000cam a2200000 7i4500 |
| 001 |
0000001810 |
| 005 |
20021010.0 |
| 020 |
0 |
0 |
|a 9832181151
|
| 090 |
0 |
0 |
|a R634.9072059bCON 2000
|
| 110 |
1 |
0 |
|a CONFERENCE on Forestry and Forest Products Research
|k 1999
|j Kuala Lumpur
|
| 245 |
1 |
0 |
|a Proceedings of the tropical forest harvesting: new technologies examined, 22-24 November 1999
|c editors Shamsudin Ibrahim, Nur Hajar Zamah Shari, Khoo Kean Choon
|
| 260 |
0 |
0 |
|a Kuala Lumpur :
|b FRIM ,
|c 2000
|
| 300 |
|
|
|a ii, 294 p. :
|b ill., maps ;
|c 26 cm.
|
| 500 |
0 |
0 |
|a Includes bibliographies
|
| 650 |
0 |
0 |
|a Forest management
|z Malaysia
|x Congresses
|
| 650 |
0 |
0 |
|a Forest products
|z Malaysia
|x Congresses
|
| 650 |
0 |
0 |
|a Forests and forestry
|x Research
|z Malaysia
|x Congresses
|
| 700 |
0 |
1 |
|a Khoo
|h Kean Choon
|
| 700 |
0 |
1 |
|a Nur Hajar Zamah Shari
|
| 700 |
0 |
1 |
|a Shamsudin Ibrahim
|
| 710 |
1 |
1 |
|a Asian Strategy & Leadership Institute (ASLI)
|
| 710 |
1 |
1 |
|a Institut Penyelidikan Perhutanan Malaysia (FRIM)
|
| 998 |
|
|
|a JPSM
|
| 999 |
|
|
|a 0000002851
|b Monograph
|c Open Shelf
|e Default branch
|
| 999 |
|
|
|a 0000003484
|b Monograph
|c Reference
|e Default branch
|